LIBRARY & INFORMATION CENTRE, KCAET, TAVANUR

ONLINE PUBLIC ACCESS CATALOGUE (OPAC)

Mughal samrajya ki jeevan sandya / (Record no. 8196)

MARC details
000 -LEADER
fixed length control field 00467cam a2200181ua 4500
041 ## - LANGUAGE CODE
Language code of text/sound track or separate title hin
082 ## - DEWEY DECIMAL CLASSIFICATION NUMBER
Classification number 891.54
Item number RAJ/MU
100 ## - MAIN ENTRY--AUTHOR NAME
Personal name Rajeshwar Prasad, Narayan Singh .
245 ## - TITLE STATEMENT
Title Mughal samrajya ki jeevan sandya /
250 ## - EDITION STATEMENT
Edition statement 1 /
260 ## - PUBLICATION, DISTRIBUTION, ETC. (IMPRINT)
Place of publication :
Name of publisher Atmaram and Sons ,
Year of publication 1957.
300 ## - PHYSICAL DESCRIPTION
Number of Pages 231 ; .
942 ## - ADDED ENTRY ELEMENTS (KOHA)
Koha item type Books
Holdings
Withdrawn status Lost status Damaged status Home library Current library Date acquired Full call number Accession Number Koha item type
Withdrawn     Sanskrit University KAUAET 07/04/2012 891.54 9730 Books
free website counter